00625nam a2200229 a 4500001001300000003000900013005001700022008004100039020001000080082001600090100001900106245003700125260003000162300001000192500003500202505001000237650002300247902000800270942000700278952009500285999001500380nice12345678IN_TiNIC20260116012151.0050524s1880 lona grp 000 0 eng  ac10000a220.03bSMI aSmith, William aConcise Dictionary of the Bible. aLondonbJohn Murrayc1880 a1039p aincludes index and biblioraphy2 aIndex aBible-Dictionaries bSRS cBK 00104070aHMIbHMId2007-06-14g100.00l0o220.03 SMIp812r2007-06-14w2026-01-16yARB c5909d5909